| 000 | 02365nam0a2200361 4500 | ||
|---|---|---|---|
| 001 | RU\NLR\BIBL_A\011935564 | ||
| 005 | 20190221120945.0 | ||
| 010 |
_a978-5-7032-1307-0 _9300 |
||
| 021 |
_aRU _bКН-П-18-103879 _9КН-П-18-7531 |
||
| 035 | _a(NLR Aleph) 011935564 | ||
| 035 | _a(RuMoRGB)009858818 | ||
| 090 |
_a11062954 _c11062954 |
||
| 100 | _a20190213d2018 u y0rusy50 ca | ||
| 101 | 0 | _arus | |
| 102 | _aRU | ||
| 105 | _aa|||j|||000zy | ||
| 200 | 1 |
_aПлан обследования больного и написания истории болезни в терапевтической клинике _eучебное пособие _e[для студентов, обучающихся по специальностям "лечебное дело", "педиатрия", "медико-профилактическое дело"] _fН. В. Меньков, Е. В. Макарова, Г. Н. Варварина _gПриволжский исследовательский медицинский университет |
|
| 210 |
_aНижний Новгород _cИзд-во Приволжского исследовательского медицинского университета _d2018 |
||
| 215 |
_a98 с. _cтабл. _d21 |
||
| 300 | _aНа обороте тит. л. 1-й и 3-й авт.: Н. В. Меньков, доц., Г. Н. Варварина, проф. | ||
| 320 | _aБиблиогр.: с. 93 (7 назв.) | ||
| 606 | 1 |
_aИстория болезни _jУчебные издания для высших учебных заведений _xОформление в терапии _92470730 _3RU\NLR\AUTH\661467456 |
|
| 606 | 1 |
_aТерапевтические больные _jУчебные издания для высших учебных заведений _xОбследование _91900176 _3RU\NLR\AUTH\661154913 |
|
| 686 | 1 | _aР342я73 | |
| 686 | 1 | _aР41-4я73 | |
| 700 | 1 |
_7ca _8rus _aМеньков _bН. В. _gНиколай Викторович _939360 _3RU\NLR\AUTH\7756428 |
|
| 701 | 1 |
_4070 _7ca _8rus _aМакарова _bЕ. В. _cд-р мед. наук _gЕкатерина Вадимовна _939356 _3RU\NLR\AUTH\7756424 |
|
| 701 | 1 |
_aВарварина _bГ. Н. _gГалина Николаевна |
|
| 942 | _cBOOK | ||
| 980 | _aNBR | ||
| 980 | _aNB | ||